000 00535nam a2200193Ia 4500
999 _c7592
_d7592
003 OSt
005 20200116124919.0
008 190216s9999||||xx |||||||||||||| ||und||
020 _a9788183987703
040 _coclc
082 _a658.15
_bSRI/F
100 _aSrivastava, R M
_91151
245 0 _aFinancial Management /
_cR M Srivastava
250 _a8th ed.
260 _bPragati Prakashan,
_aNew Delhi:
300 _a720p
650 _xFinancial Management
942 _cBK
_2ddc
_h658.15
_iSRI/F
_k658.15
_mSRI/F